000 00651nam a2200205Ia 4500
005 20260121110310.0
008 008 260114s9999 xx 000 0 hin d
020 _a9788132351849
037 _aEBOOK
040 _aCRL
_bhin
_cCRL
041 _ahin
_2hin
084 _qCRL
100 _aधर्मवीर कुमार / Dharmveer Kumar
_9944474
245 0 _aयूरोपीय चित्रकला / European Chitrakala
260 _bभाषा प्रकाशन / Bhasha Prakashan
_c2020
856 _uhttps://bhashaprakashan.com/product-details/378524
942 _cEBOOK
999 _c1536138
_d1536138